| 000 | 00385 a2200109 4500 | ||
|---|---|---|---|
| 020 | _a139780471720706 | ||
| 082 | _a518.64 SOL | ||
| 100 | _aSolin, Pavel | ||
| 245 |
_aPatial Differential Equations and the finite element method _cPavel Solin |
||
| 260 |
_aNew Jersey : _bJohn Wiley and Sons, _c2006 |
||
| 300 |
_axxvi, 472p. : _bill ., pics., ; _c30 cm |
||
| 650 | _aDifferetial Equations, Partial -- Numerical solutions | ||
| 999 |
_c529 _d529 |
||